000 00595nam a2200181Ia 4500
003 GCL
008 140319s9999 xx 000 0 ara d
040 _aGCL /
_cGCL
082 0 4 _a658.542
_bم م
245 1 0 _aمهارات ادارة الوقت: TIME MANAGEMENT SKILLS كيف تدير وقتك بكفاءة ?
300 _a136 ص
490 _aمجموعة مهارات تطوير الاداء
_v0
650 0 4 _aادارة الاعمال
650 0 4 _aادارة الانتاج
650 0 4 _aدراسة الوقت والحركة
650 0 4 _aالادارة - تقييم
942 _2ddc
_cBK
999 _c49676
_d49676